00649nam a2200205Ia 450000500170000000800410001702000150005808200220007310000120009524500890010726000460019630000150024265000160025765000220027365000120029565000170030794200060032495200980033099900150042820250319070412.0240331s9999 xx 000 0 und d a0070198462 a302.23bEWE23939 aEwen, S 0aCaptains of Consciousness:bAdvertising and the Social Roots of the Consumer Culture aNew York,bMcGraw-Hill Book Companyc1976 ax, 261 p., aConsumption aIndustrialization aSociety aMass Culture cL 001040708LaWERCLbWERCLcSSCd2024-03-31l0o 302.23 EWEp3939r2024-03-31w2024-03-31yL c1119d1119